1772 1562 1411 1903 1849 1505 1897 1739 1115 1965 1557 1256 1568 1742 1369 1255 1302 1449 1413 1524 1875 1039 1483 1529 1881 1680 1807 1532 1188 1562 1395 1699 1635 1409 1500 1309 1963 1146 1127 1043 1168 1446 1659 1351 1252 1406 1730 1344 1253 1413 1686 1127 1071 1094 1950 1207 1861 1093 1631 1367 1357 1531 1878 1453 1627 1884 1588 1963 1286 1859 1194 1353 1719 1575 1891 1233 1716 1335 1639 1725 1654 1580 1620 1902 1599 1141 1827 1848 1942 1896 1365 1080 1895 1675 1204 1799 1007 1100 1921 BCNSPRNW ULIB Ver.6.0+V

เปลี่ยนเป็นภาษาไทย

Change to English
 แสดงรายละเอียดบรรณานุกรม
  กลับหน้าหลัก

Brief Record : Get Marc (ISO 2709) : E-mail record : QR code < ปิดหน้าต่าง
LEADER : 00000nam 2200000uu 4500
001    13399121937
003     ULIB
008    121214s2546||||th 000 0 tha d
020    ^a9740502458
060 04 ^aWM270^bส271ว 2546
100 0  ^aสมภพ เรืองตระกูล
245 10 ^aเวชศาสตร์การติดสารเสพย์ติด /^bสมภพ เรืองตระกูล
250    ^aพิมพ์ครั้งที่ 1
260    ^aกรุงเทพฯ :^bคณะแพทยศาสตร์ศิริราชพยาบาล มหาวิทยาลัยมหิดล,^c2546
300    ^a[14], 327 หน้า ;^c21 ซม.
440  0 ^aตำราจิตเวชสำหรับแพทย์เวชศาสตร์ครอบครัว ;^vชุดที่ 5
504    ^aมีบรรณานุกรมและดรรชนี
650  2 ^aSubstance-Related Disorders^xtherapy
650  7 ^aการติดสารเสพติด
650  7 ^aยาเสพติด^xการรักษา
653    ^aผลงานอาจารย์คณะแพทยศาสตร์ศิริราชพยาบาล
710 2  ^aมหาวิทยาลัยมหิดล. ^bคณะแพทยศาสตร์ศิริราชพยาบาล
945    ^p350^l0^i15138
995    ^aทศพร
999    ^aทศพร เกษรทอง
รายการนี้ยังไม่มีแท็ก
คุณยังไม่ได้ล็อกอิน คุณสามารถมีกิจกรรมร่วมกับเว็บไซต์ได้ แต่ต้องล็อกอินก่อน ::
  ล็อกอิน

รายการสื่อสารสนเทศ

ลำดับที่ ประเภท เลขเรียก/บาร์โค้ด สถานที่ สถานะ
1. วิทยาศาสตร์การแพทย์ และสุขภาพ
วิทยาศาสตร์การแพทย์ และสุขภาพ
WM270 ส271ว 2546 ฉ.1 
  Barcode: 15138
ห้องสมุดวิทยาเขตสวรรค์ประชารักษ์
►หนังสือทั่วไป
บนชั้น

รายการใกล้เคียง
    ผู้แต่ง [สมภพ เรืองตระกูล]

    หัวเรื่อง [การติดสารเสพติด]

BibComment


ยังไม่เคยถูกคอมเมนท์

คอมเมนท์ทรัพยากรรายการนี้
  คอมเมนท์: เวชศาสตร์การติดส..


 Copyright 2026. Bcnsprnw @Library